Diseño de pavimento flexibles calles del Barrio Yaguare de la ciudad de Matagalpa

Presenta un diseño de pavimento flexibles calles del Barrio Yaguare de la ciudad de Matagalpa, Matagalpa no cuenta con una nomenclatura que identifique las vías, las únicas que están definidas son la Venida Central, José Dolores Estrada, Avenida Sr. Bartolomé Martínez y la avenida del Rio...

Full description

Bibliographic Details
Main Author: Prado Sotelo, Tít.o Flavio
Other Authors: Tutor: Bustamante Arteaga, José Fernando
Format: Tesis Section = Libro
Language:Undetermined
Spanish
Published: Managua UNI 2007
Subjects:
LEADER 01275nam a2200289Ia 4500
008 240830s9999 xx 000 0 und d
040 |a BIBLIOTECA-RUPAP T.Mon 625.8 P896 
041 |a spa 
082 |a T.Mon 625.8 P896 
100 1 |a Prado Sotelo, Tít.o Flavio 
245 1 0 |a Diseño de pavimento flexibles calles del Barrio Yaguare de la ciudad de Matagalpa 
260 |a Managua  |b UNI  |c 2007 
300 |a 64 p. :il. 
500 |a Contiene: anexos. 
502 |a Tesis (Ingeniero Civil)- UNI, 2007. 
520 3 |a Presenta un diseño de pavimento flexibles calles del Barrio Yaguare de la ciudad de Matagalpa, Matagalpa no cuenta con una nomenclatura que identifique las vías, las únicas que están definidas son la Venida Central, José Dolores Estrada, Avenida Sr. Bartolomé Martínez y la avenida del Rio Grande de Matagalpa y las calles en dirección Este-Oeste, que tampoco tienen una nomenclatura. 
650 7 |a PAVIMENTOS 
650 7 |b  PAVIMENTOS FLEXIBLES 
650 7 |c  PAVIMENTOS-CALLES 
650 7 |e ASFALTO 
650 7 |f  ESTUDIO DE TRÁNSITO 
650 7 |g PAVIMENTOS-DISEÑO Y CONSTRUCCIÓN 
650 7 |h  ESTUDIO DE SUELOS 
700 1 |a Tutor:  |b Bustamante Arteaga, José Fernando 
942 |c BK  |2 ddc 
991 |a TESIS 
999 |c 18245